[Event "GRE-ch U16"]
[Site "Peristeri"]
[Date "2024.06.28"]
[Round "9"]
[White "Saklampanakis, Dimitrios"]
[Black "Giannoulis, Grigorios"]
[Result "0-1"]
[WhiteElo "1694"]
[BlackElo "1905"]
[PlyCount "54"]
[EventDate "2024.06.22"]
[EventType "swiss"]
[EventRounds "9"]
[EventCountry "GRE"]
[SourceTitle "EXT 2025"]
[Source "ChessBase"]
[SourceDate "2024.10.14"]
[SourceVersion "1"]
[SourceVersionDate "2024.10.14"]
[SourceQuality "1"]

1. e4 c5 2. Nf3 d6 3. c3 Nf6 4. Bd3 Bg4 5. h3 Bh5 6. Bc2 e6 7. d3 Nc6 8. Nbd2 d5 9. Qe2 Qc7 10. 0-0 0-0-0 11. Re1 g5 12. Nf1 g4 13. hxg4 Bxg4 14. Bg5 Be7 15. N1h2 h5 16. e5 Nh7 17. Bf4 Rhg8 18. d4 Ng5 19. Bxg5 Bxg5 20. Nxg4 hxg4 21. Nxg5 Rxg5 22. Qd2 Rh5 23. Rac1 Qb6 24. Ba4 Rdh8 25. f4 g3 26. Kf1 Qa6+ 27. c4 Nxd4 0-1

[Event "GRE-ch U16"]
[Site "Peristeri"]
[Date "2024.06.27"]
[Round "8"]
[White "Saklampanakis, Dimitrios"]
[Black "Tzortzatos, Dimosthenis Panagio"]
[Result "0-1"]
[WhiteElo "1694"]
[BlackElo "1986"]
[PlyCount "66"]
[EventDate "2024.06.22"]
[EventType "swiss"]
[EventRounds "9"]
[EventCountry "GRE"]
[SourceTitle "EXT 2025"]
[Source "ChessBase"]
[SourceDate "2024.10.14"]
[SourceVersion "1"]
[SourceVersionDate "2024.10.14"]
[SourceQuality "1"]

1. e4 c5 2. Nf3 d6 3. c3 Nf6 4. Bd3 Bg4 5. h3 Bh5 6. Bc2 Nc6 7. d3 e6 8. Nbd2 d5 9. Qe2 Qc7 10. Nf1 Bd6 11. Ne3 0-0-0 12. g4 Bg6 13. Ng2 c4 14. dxc4 Bxe4 15. Bxe4 Nxe4 16. cxd5 exd5 17. Be3 Rhe8 18. 0-0-0 Qa5 19. Kb1 Bc5 20. Qc2 Qb6 21. Bxc5 Qxc5 22. Nd4 Kb8 23. Rhe1 Rc8 24. f3 Nd6 25. Rxe8 Rxe8 26. Qd3 Nc4 27. Nb3 Qf2 28. Nd2 Qxg2 29. Qxd5 Ne3 30. Qd6+ Ka8 31. Re1 Rd8 32. Qc7 Qxd2 33. Rc1 Qxc1+ 0-1

[Event "GRE-ch U16"]
[Site "Peristeri"]
[Date "2024.06.25"]
[Round "6"]
[White "Saklampanakis, Dimitrios"]
[Black "Temetzian, Immanouel"]
[Result "1-0"]
[WhiteElo "1694"]
[BlackElo "1903"]
[PlyCount "153"]
[EventDate "2024.06.22"]
[EventType "swiss"]
[EventRounds "9"]
[EventCountry "GRE"]
[SourceTitle "EXT 2025"]
[Source "ChessBase"]
[SourceDate "2024.10.14"]
[SourceVersion "1"]
[SourceVersionDate "2024.10.14"]
[SourceQuality "1"]

1. e4 c5 2. Nf3 d6 3. c3 Nf6 4. Bd3 Bg4 5. h3 Bh5 6. Bc2 e6 7. d3 Nc6 8. Nbd2 d5 9. Qe2 Be7 10. Nf1 Qc7 11. Ng3 Bg6 12. 0-0 Bd6 13. exd5 Nxd5 14. Ne4 Be7 15. Be3 Qb6 16. Bb3 0-0 17. Rad1 Na5 18. Ned2 Bf6 19. Nc4 Nxc4 20. Bxc4 Qc6 21. d4 Be4 22. Bxd5 Bxd5 23. dxc5 Bxa2 24. Nd4 Qd5 25. Qg4 Qxc5 26. Nxe6 Bxe6 27. Bxc5 Bxg4 28. hxg4 Rfd8 29. Rfe1 b6 30. Rxd8+ Rxd8 31. Be3 Re8 32. Ra1 Re7 33. Bxb6 h5 34. Bd8 Rb7 35. Bxf6 gxf6 36. gxh5 Kg7 37. g4 f5 38. g5 f4 39. Kg2 Rxb2 40. Rxa7 Rb5 41. g6 f3+ 42. Kxf3 Rxh5 43. Rxf7+ Kxg6 44. Rc7 Rf5+ 45. Ke3 Re5+ 46. Kd4 Rf5 47. Rc6+ Kf7 48. Ke3 Ke7 49. f4 Kd7 50. Rc4 Kd6 51. Ke4 Rh5 52. Ra4 Rh1 53. Ra6+ Ke7 54. Ke5 Re1+ 55. Kf5 Kd7 56. Kf6 Re3 57. Ra3 Rf3 58. f5 Kd6 59. Ra8 Kd7 60. c4 Rf4 61. Ra4 Ke8 62. Ke5 Rf1 63. c5 Rc1 64. Kd5 Rf1 65. Ke6 Re1+ 66. Kf6 Rc1 67. Re4+ Kd7 68. Re5 Rg1 69. Re6 Rf1 70. c6+ Kd8 71. Kg6 Kc7 72. f6 Kd8 73. f7 Rg1+ 74. Kh7 Rh1+ 75. Kg8 Rg1+ 76. Kh7 Rh1+ 77. Kg7 1-0

[Event "GRE-ch U16"]
[Site "Peristeri"]
[Date "2024.06.25"]
[Round "5"]
[White "Sitsanis, Nikolaos1"]
[Black "Saklampanakis, Dimitrios"]
[Result "1/2-1/2"]
[WhiteElo "1834"]
[BlackElo "1694"]
[PlyCount "46"]
[EventDate "2024.06.22"]
[EventType "swiss"]
[EventRounds "9"]
[EventCountry "GRE"]
[SourceTitle "EXT 2025"]
[Source "ChessBase"]
[SourceDate "2024.10.14"]
[SourceVersion "1"]
[SourceVersionDate "2024.10.14"]
[SourceQuality "1"]

1. e4 e5 2. Nf3 Nf6 3. Nxe5 d6 4. Nf3 Nxe4 5. Nc3 Nxc3 6. dxc3 Be7 7. Be3 Nc6 8. Qd2 Be6 9. Bd3 h6 10. Nd4 Nxd4 11. cxd4 d5 12. 0-0 Qd7 13. Rfe1 g5 14. f4 0-0-0 15. fxg5 hxg5 16. Bxg5 Bxg5 17. Qxg5 Rdg8 18. Qe5 Bh3 19. g3 Bg4 20. Qf4 Be6 21. Qe5 Bg4 22. Qf4 Be6 23. Qe5 Bg4 1/2-1/2

[Event "GRE-chT U16 14th"]
[Site "Rio Achaia"]
[Date "2022.12.15"]
[Round "1"]
[White "Linaras, Dimitrios"]
[Black "Saklampanakis, Dimitrios"]
[Result "0-1"]
[WhiteElo "1087"]
[BlackElo "1442"]
[PlyCount "78"]
[EventDate "2022.12.15"]
[EventType "team-swiss"]
[EventRounds "6"]
[EventCountry "GRE"]
[SourceTitle "EXT 2024"]
[Source "ChessBase"]
[SourceDate "2023.10.10"]
[SourceVersion "1"]
[SourceVersionDate "2023.10.10"]
[SourceQuality "1"]

1. e4 c5 2. Nf3 a6 3. Nc3 b5 4. d4 cxd4 5. Nxd4 Bb7 6. Bd3 e6 7. 0-0 Be7 8. Re1 d6 9. Be3 Nf6 10. a3 Qc7 11. Nf3 Nbd7 12. Bg5 Rc8 13. Qd2 h6 14. Bh4 Nc5 15. Rac1 0-0 16. e5 dxe5 17. Nxe5 Rfd8 18. Qe2 Nd5 19. Nxd5 Bxd5 20. Qh5 Bxh4 21. Qxh4 f6 22. b4 fxe5 23. bxc5 Qxc5 24. Rxe5 Qxa3 25. Rce1 Qc3 26. h3 Rf8 27. R1e2 Rf6 28. R5e3 Qc5 29. Rg3 Rcf8 30. Kh2 Qc7 31. Kh1 Rxf2 32. Rxf2 Rxf2 33. Rxg7+ Qxg7 34. Qxf2 Qa1+ 35. Kh2 Qe5+ 36. Kh1 Qg5 37. Qe2 Kg7 38. Be4 Qc1+ 39. Kh2 Qf4+ 0-1

[Event "Heraklion op 27th"]
[Site "Heraklion"]
[Date "2019.09.03"]
[Round "1"]
[White "Saklampanakis, Dimitrios"]
[Black "Levin, Evgeny A"]
[Result "0-1"]
[WhiteElo "1245"]
[BlackElo "2511"]
[PlyCount "56"]
[EventDate "2019.09.03"]
[EventType "swiss"]
[EventRounds "9"]
[EventCountry "GRE"]
[SourceTitle "EXT 2020"]
[Source "ChessBase"]
[SourceDate "2019.10.17"]
[SourceVersion "1"]
[SourceVersionDate "2019.10.17"]
[SourceQuality "1"]

1. c4 g6 2. Nc3 Bg7 3. g3 d6 4. Bg2 e5 5. d3 f5 6. Be3 Nf6 7. Qd2 c6 8. Bh6 0-0 9. Bxg7 Kxg7 10. h4 Be6 11. Nh3 Nbd7 12. Ng5 Bg8 13. Bf3 h6 14. Nh3 Be6 15. h5 g5 16. Nxg5 hxg5 17. Qxg5+ Kh8 18. h6 Rg8 19. Qh4 Ng4 20. Qh3 Qb6 21. Bxg4 fxg4 22. Qh4 Qxb2 23. 0-0 Qxc3 24. Qe7 Rae8 25. Qxd6 Qd4 26. Qc7 Qb6 27. Qd6 c5 28. Qxb6 axb6 0-1